| 000 | 00455nam a22001817a 4500 | ||
|---|---|---|---|
| 999 |
_c526667 _d526667 |
||
| 003 | NUST | ||
| 005 | 20190715064643.0 | ||
| 038 | _aFaiza | ||
| 082 |
_a891.433 _bZAH |
||
| 100 |
_aZahid Masood _917670 |
||
| 245 |
_aTazhik e Lugahat / _cZahid Masood |
||
| 260 |
_aLahore: _bBook Home, _c2017. |
||
| 300 | _a136p. ; | ||
| 500 | _aHard Cover | ||
| 880 |
_6100-01\r _aزاہد مسعود |
||
| 880 |
_6245-02\r _a /تضحیک اللغات |
||
| 942 |
_2ddc _cBK |
||